Statystyki dla Wszystkie piosenki - Young Leosia

Kliknij tutaj aby rozwiązać quiz!

Ogólne statystyki

  • Ten quiz został rozwiązany 205 razy
    (162 od ostatniego zresetowania)
  • Średni wynik to 6 z 10

Statystyki odpowiedzi

HintOdpowiedź% Poprawnych
HulankiSzklanki
97%
HulankiJungle Girl (feat. Żabson)
87%
HulankiBaila Ella
73%
HulankiStonerki (feat. Oliwka Brazil)
71%
HulankiWyspy
57%
#fundacja420 (z Mata)CICHO
53%
HulankiPościg
47%
#fundacja420 (z Mata)KC
42%
#fundacja420 (z Mata)WYSPA NADZIEI
42%
HulankiSolitaire
33%

Rozkład punktacji

Percentyl według liczby udzielonych odpowiedzi

Procent ludzi z każdym wynikiem

Twoja historia wyników

Nie rozwiązałeś tego quizu od ostatniego zresetowania